=LDR 00000nam 2200000 4500 =001 INLIS000000000051227 =005 20170904020956 =035 ##$$a 0010-0917000031 =007 ta =008 170904###########################0###### =020 ##$$a 978-602-7929-11-1 =082 ##$$a 297.412 =084 ##$$a 297.412 TUN =245 ##$$a Tuntutan Shalat Lengkap untuk Anak : $b Disertai Gerakan Wudhu & Doa-doa Sesudah Sholat =260 ##$$a Surakarta :$b Al-Qudwah,$c 2013 =300 ##$$a 40 hlm : $b ilus. ; $c 28 cm =650 ##$$a Shalat =700 #$$a Erlina Zachi =990 ##$$a 1021010210 =990 ##$$a 1021010210 =990 ##$$a 1021010210 =990 ##$$a 1021010210 =990 ##$$a 1021010210 =990 ##$$a 21704506 =990 ##$$a 01201710210 =990 ##$$a 01201710211 =990 ##$$a 01201710212 =990 ##$$a 01201710213 =990 ##$$a 21704507 =990 ##$$a 01201710210 =990 ##$$a 01201710211 =990 ##$$a 01201710212 =990 ##$$a 21704506 =990 ##$$a 21704508 =990 ##$$a 01201710210 =990 ##$$a 01201710211 =990 ##$$a 21704507 =990 ##$$a 21704506 =990 ##$$a 21704509 =990 ##$$a 01201710210 =990 ##$$a 21704508 =990 ##$$a 21704507 =990 ##$$a 21704506 =990 ##$$a 21704510 =990 ##$$a 21704509 =990 ##$$a 21704508 =990 ##$$a 21704507 =990 ##$$a 21704506